| 000 | 00655cam a2200241 4500 | ||
|---|---|---|---|
| 001 | J100 | ||
| 008 | 090401t1991 xxu||||| |||| 00| 0 eng d | ||
| 035 | _a(Sirsi) u73369 | ||
| 041 | _aeng | ||
| 050 | _a693.5 | ||
| 100 | _aThomas, M.D.A. | ||
| 245 | _aDurability studies of pfa concrete structures. | ||
| 260 |
_aGarston, Watford _bBuilding Research Establishment _c1991 |
||
| 300 | _a(4)p. : ill. ; 30cm. | ||
| 350 | _a0 | ||
| 490 |
_aBRE Information Paper _v11/91 |
||
| 520 | _aReserve collection shelf 323 | ||
| 650 | _aPULVERISED FUEL ASH | ||
| 690 | _aBUILT ENVIRONMENT | ||
| 700 | _aMatthews, J.D. | ||
| 942 | _n0 | ||
| 948 | _c04/03/1997 | ||
| 999 |
_c95581 _d95581 |
||